|
|
|
|
| LEADER |
00000nab a2200000 a 4500 |
| 001 |
vtls000688535 |
| 003 |
SK-MaSNL |
| 005 |
20260426062800.0 |
| 008 |
140302c1999 xo 0 slo |
| 015 |
|
|
|a SNBRB1999/03-06144
|
| 035 |
|
|
|a CLN000040702
|
| 040 |
|
|
|a SNKBUCL
|b slo
|c SNKBUCL
|e AACR2
|
| 041 |
0 |
|
|a slo
|
| 044 |
|
|
|a xo
|c SK
|
| 080 |
|
|
|a 373.6(437.6):339.1
|2 1997
|
| 100 |
1 |
|
|a Rosenberg, Miloslav,
|d 1944-
|4 aut
|9 207544
|
| 245 |
1 |
0 |
|a Z čoho vychádzame, aké máme ciele?
|b myšlienky z koncepcie rozvoja SOUO S. Jurkoviča v Bratislave
|c Miloslav Rosenberg
|
| 300 |
|
|
|b Fotogr.
|
| 610 |
|
7 |
|a Stredné odborné učilište obchodné Samuela Jurkoviča (Bratislava, Slovensko)
|2 snkbucl
|9 1282933
|
| 651 |
|
7 |
|a Bratislava (Slovensko)
|2 snkbucl
|9 14568
|
| 655 |
|
7 |
|a články z novín a časopisov
|2 snkbucl
|9 267496
|
| 773 |
0 |
|
|t Učiteľské noviny
|g Roč. 49, č. 9 (1999), s. 7
|
| 850 |
|
|
|a Slovenská národná knižnica v Martine
|
| 852 |
|
|
|a SNK
|b KIS3GCP
|
| 958 |
|
|
|a SK
|
| 992 |
|
|
|a RBX
|
| 999 |
|
|
|c 2549385
|d 2551315
|